[Event "WCPL 2018-9"]
[Site "?"]
[Date "2019.01.27"]
[Round "3.13"]
[White "Williams, A. Howard"]
[Black "May, Frank"]
[Result "1-0"]
[WhiteElo "2263"]
[BlackElo "2074"]
[PlyCount "73"]
[EventDate "2018.??.??"]
[EventRounds "5"]
[EventCountry "WLS"]
[WhiteTeam "Cardigan"]
[BlackTeam "Abergavenny"]

1. d4 d5 2. c4 e6 3. Nf3 Nf6 4. g3 Bb4+ (4... Be7 5. Bg2 O-O 6. O-O c6 7. Qc2
Nbd7 8. Bf4 Ne4 {Williams-May, WCPL 2017,1/2-1/2}) 5. Bd2 Bxd2+ {
"strategically unfourable for Black" Bologan 2012:35. " Seems like a
concession, as Black swaps his more active bishop while facilitatingWhite's
development.Nevertheless, several top GMs have played this way"Avrukh 2015:171}
(5... Be7 {main}) 6. Nbxd2 O-O 7. Bg2 Nbd7 8. O-O b6 (8... c6 9. Qc2 {
ytansposes to some 500 games}) 9. cxd5 {Avrukh} exd5 10. Qa4 (10. Rc1 {'most
natural', Avrukh}) (10. b4 c6 11. Qc2 Bb7 12. a4 {' when White can claim a
modest edge' Avrukh}) 10... Re8 11. e3 Bb7 12. b4 (12. Rac1 c5 (12... Ne4 13.
Rfd1 a6 14. Nxe4 dxe4 15. Ne5 Nf6 16. Qc2 Rc8 (16... Re7) 17. Bh3 Rb8 18. Qxc7
Qd5 19. b3 Rbd8 20. Qxb6 {Popov-Abramov, Saratov ch 2011,1-0}) 13. Rfd1 Qe7 14.
dxc5 Nxc5 15. Qa3 Ng4 16. h3 Nf6 17. Nb3 Nfe4 18. Nbd4 a5 19. Nb5 Ba6 20. Nfd4
Qd7 {Hirneise-Berzina, Pardubice 2009,1/2-1/2}) 12... Ne4 (12... c6 13. Qb3 a5
$11 {Stockfish10}) 13. Rfc1 Ndf6 14. Nxe4 (14. Qc2) 14... Nxe4 (14... dxe4 15.
Ne5 $16) 15. Ne5 $16 f6 16. Nd3 Re7 (16... c6 17. b5 cxb5 18. Qxb5 Re7 19. Nf4
g5 20. Nh5 Rf7 21. a4 $16 {Stockfish10}) 17. Rc2 a6 18. Rac1 g5 {(draw?)} 19.
Qb3 Kh8 20. a4 h5 {loosening the K side for an attack to counter the Wh
pressure on the Q side, but it is Wh who benefits from the opening} 21. b5 (21.
h4 $18 {Stockfish10} gxh4 (21... Qd6 22. hxg5 Nxg5 23. Nf4 $18) 22. Nf4 Kh7 23.
Qd3 f5 24. Bxe4 fxe4 25. Qe2 Qd6 26. Qxh5+ $18) 21... a5 (21... axb5 22. axb5
Ra5 23. h4 $16 {Stockfish10}) 22. Nb2 (22. h4 $18) 22... h4 23. gxh4 gxh4 24.
Nd3 Qd6 25. Nf4 $18 Rg8 26. Kh1 Reg7 27. Bxe4 (27. Qd3 Bc8 28. Qe2 Rh7 29. Bxe4
dxe4 30. h3 $18 {Stockfish10}) (27. h3 $18) 27... dxe4 28. Qe6 Qd8 (28... Bc8 {
leads to some complex play} 29. Qxd6 Bg4 30. Ng6+ Rxg6 31. Qf4 Bf3+ 32. Qxf3
exf3 33. Rxc7 h3 34. d5 Rg2 35. R7c4 Rxf2 36. Rh4+ Kg7 37. Rxh3 Re8 38. Rg1+
Rg2 39. Rxf3 Rxg1+ 40. Kxg1 Re4 41. d6 Kf7 42. d7 Ke7 43. Rxf6 Rxa4 44. Rxb6
Kxd7 45. Ra6 $18 {Stockfish10}) 29. h3 $18 Re8 30. Qc4 Bc8 31. Qe2 Reg8 (31...
Ree7 32. Qh5+ Rh7 33. Qg6 Reg7 34. Qxe4 $18 {Stockfish10}) 32. Qh5+ Rh7 33.
Ng6+ Rxg6 (33... Kg7 34. Rxc7+ Bd7 35. Qg4 $18 {Stockfish10} f5 36. Rxd7+ (36.
Qxf5) 36... Qxd7 37. Qg5 Qd8 38. Qxf5 Rh6 39. Rg1 Qe8 40. Ne7+ Kh8 41. Rxg8+
Qxg8 42. Nxg8 Kxg8 43. d5 $18) 34. Qxg6 Bxh3 35. Rg1 (35. Rc6 Qg8 36. Qxf6+ Qg7
37. Qxg7+ Rxg7 38. Rxc7) 35... f5 36. Rc6 (36. Rg5 $1) 36... Bg4 37. Rxg4 (37.
Re6 Rg7 38. Re8+ Qxe8 39. Qxe8+ Kh7 40. Kh2 $18) (37. Rxg4 fxg4 38. Re6 $18)
1-0

[Event "WCPL 2018-9"]
[Site "?"]
[Date "2019.01.27"]
[Round "3.14"]
[White "Spencer, Douglas"]
[Black "Jones, Iolo C"]
[Result "0-1"]
[WhiteElo "1988"]
[BlackElo "2200"]
[PlyCount "70"]
[EventDate "2018.??.??"]
[EventRounds "5"]
[EventCountry "WLS"]
[WhiteTeam "Abergavenny"]
[BlackTeam "Cardigan"]

1. e4 {Wh usually plays d4, though if a Petroff player himself} e5 2. Nf3 Nf6
3. Nxe5 d6 4. Nf3 Nxe4 5. d4 d5 6. Bd3 Nc6 7. O-O (7. Nc3 f5 8. O-O Be7 9. Ne2
O-O 10. c4 Bf6 (10... Be6) 11. cxd5 Qxd5 12. Be3 Kh8 13. Nf4 Qd6 14. Rc1 $14 {
Gopal-Jones, Istanbul ol 2012,1-0}) 7... Be7 8. Nc3 Nf6 {" I would avoid the
passive Nf6" Lakdawala 2015:209 'This looks like a sour exchange French
position for Black,since [after the following moves in the text] 1.White has
the useful extra moves a3 and h3 2.White's light squared Bishop is more
actively posted than its c8-counterpart"} (8... Nxc3 {only move discussed in
Sakaev & Cohen, indicating that Bl must try to play against the doubled pawns})
9. h3 O-O 10. a3 h6 11. Re1 (11. Bf4) 11... a6 (11... Re8 {86% for Wh}) 12. Bf4
Bd6 13. Qd2 (13. Bxd6 Qxd6 14. Qd2 Bd7 15. Re3 Rfe8 16. Rae1 Rxe3 17. Rxe3 Re8
{Badev-Janchev, BUL ch tm, Sunny Beach 2009,1/2-1/2}) 13... Bxf4 14. Qxf4 Nh5 (
14... Be6 15. Re3 Nh5 16. Qh2 Rc8 17. g4 Nf6 18. g5 (18. Rae1 $16) 18... hxg5
19. Nxg5 Nxd4 20. Qf4 c5 21. Rg3 Nh5 (21... Qc7 $19) 22. Qh4 $18 g6 23. Qxh5
gxh5 24. Nxe6+ Kh8 25. Nxd8 Rcxd8 26. Re1 $18 {Andreikin-Dubov, Wld ch
blitz2015,1/2-1/2}) 15. Qd2 (15. Qe3 $16 {Stockfish10}) (15. Qh2 $16 {Fritz13})
15... Qd6 16. Ne5 (16. Ne2 $16 {Cloud Engines} f5 17. Ne5 (17. c4 $16) 17...
Nxe5 18. dxe5 Qxe5 19. Rad1 (19. c4 $14) 19... Qxb2 20. Nf4 Nxf4 21. Qxf4 c5
22. Qd6 Qf6 23. Qxd5+ Kh8 24. Bc4 (24. Qxc5 $16) 24... f4 25. Qxc5 Bf5 $11 {
Civric-Stankovic, SRB ch tm, Valjevo 2010,0-1}) 16... Nxd4 17. Bxa6 {Fritz13} (
17. Rad1 Nf6 (17... Nc6 18. Nxc6 bxc6 19. Ne2 Bd7 20. c4 Rfe8 21. b4 c5 $11 {
Stockfish10}) 18. Nxd5 Nxd5 19. Bc4 c5 20. c3 b5 21. cxd4 bxc4 22. dxc5 Qxc5
23. Qxd5 Qxd5 24. Rxd5 Be6 25. Rc5 $11 {Stockfish10}) (17. Bf1 c5 18. Nxd5 Qxd5
19. c3 Bxh3 20. cxd4 Be6 21. Rad1 cxd4 22. Qxd4 Qxd4 23. Rxd4 Nf6 $17 {
Stockfish10}) (17. Bg6 fxg6 18. Qxd4 Nf4 19. Nd3 Nxd3 20. cxd3 c6 $15 {
Stockfish10}) 17... Rxa6 (17... Nxc2 18. Qxc2 bxa6 $11 {Fritz13}) (17... Ne6
18. Bd3 c6 19. Rad1 Nef4 20. Bf1 $11 {Stockfish10}) 18. Qxd4 Nf6 $11 19. Rad1 (
19. Nd3) 19... Be6 20. b4 {based on a tactic, but a longterm the a3 pawn
becomes weak} (20. Nd3 b6 21. Qf4 $11) 20... Rc8 21. Nd3 (21. Nb5 Qe7 {both
Engines} (21... Qb6 22. Qxb6 Rxb6 23. Nd4 Ra8 24. Re3 Rba6 25. Rdd3 $11) 22.
Qf4 (22. Qb2 $11 {Stockfish10}) (22. Rd3 {Fritz13} c6 23. Nc3 c5 24. bxc5 Qxc5
$15 {Stockfish10}) 22... c5 23. c3 $11 {Stockfish10} Qe8 24. c4 Qf8 25. cxd5 (
25. Qf3) 25... Nxd5 26. Qe4 cxb4 27. Rxd5 Bxd5 28. Qxd5 bxa3 29. Qxb7 Raa8 30.
Nc6 Re8 31. Ra1 a2 32. Nbd4 Qd6 33. Qb2 g6 34. Qb4 $11) (21. Re3 c5 22. bxc5
Qxc5 23. Nf3 Qa5 24. Qb4 Qd8 25. Qb2 $11 {Stockfish10- both sides have
weaknesses}) 21... b6 22. Nf4 (22. Ne5) 22... c5 23. bxc5 (23. Qd2 $11 {both
Engines} cxb4 24. axb4 Qxb4 25. Ne4 Qxd2 26. Nxf6+ gxf6 27. Rxd2 Rc6 28. Nh5 f5
29. Nf6+ Kg7 30. Nxd5 $11 {Stockfish10}) 23... bxc5 24. Qe5 (24. Qd2 d4 25.
Nxe6 fxe6 {both Engines} 26. Ne4 Nxe4 27. Rxe4 Rxa3 28. Qe2 Rc6 29. Re1 Raa6
30. Qc4 Qd5 31. Qd3 Qd7 32. f4 Qf7 33. g4 Qa7 $17 {Stockfish10}) 24... Qxe5 25.
Rxe5 d4 $17 26. Ncd5 (26. Nxe6 fxe6 27. Nb5 {both Engines} Nd5 28. c3 Rb8 29.
c4 Nc3 30. Nxc3 dxc3 31. Rc1 Rxa3 32. Rxe6 Rb4 33. Re3 Rxc4 34. Rc2 Kf7 $11 {
Stockfish10- it will take time to disentangle the Bl Rs & in the meantime the
Bl K can't approach}) 26... Bxd5 $19 27. Nxd5 Nxd5 28. Rxd5 Rxa3 {the weak
goes and the game with it.} 29. Kf1 (29. Rb1 Rc3 30. Rb2 Ra8 $19) 29... Rc3 30.
Rd2 Ra8 31. Ke2 Ra2 32. Kd1 Ra1+ 33. Ke2 Rc1 34. Rf5 g6 35. Rd5 R1xc2 0-1

[Event "WCPL 2018-9"]
[Site "?"]
[Date "2019.01.27"]
[Round "3.15"]
[White "Heap, Gerry"]
[Black "Miles, Richard"]
[Result "1/2-1/2"]
[WhiteElo "2103"]
[BlackElo "1957"]
[PlyCount "80"]
[EventDate "2018.??.??"]
[EventRounds "5"]
[EventCountry "WLS"]
[WhiteTeam "Cardigan"]
[BlackTeam "Abergavenny"]

1. Nf3 Nf6 2. g3 c5 3. Bg2 g6 4. c4 Bg7 5. O-O d5 (5... O-O) 6. cxd5 Nxd5 7.
Nc3 Nc6 8. Nxd5 Qxd5 9. d3 O-O 10. Be3 Qd6 (10... Bd7) 11. Qa4 (11. Rc1 {main}
Nd4 12. Nxd4 cxd4 13. Bd2 Bg4 14. h3 Be6 15. Qa4) 11... Nd4 (11... Bd7 12. Qh4
{80% for Wh}) 12. Nxd4 cxd4 13. Bf4 (13. Bd2 Bg4 14. Rfe1 Rfb8 15. Rac1 a5 16.
Qb5 Ra7 17. a3 Bd7 18. Qd5 Qxd5 19. Bxd5 b6 $11 {Urban-Farago, Budapest FSM 10
IM 1994,1/2-1/2}) 13... e5 14. Bd2 Qd7 (14... Bd7 15. Qb3 (15. Qb4) 15... Be6
16. Qb4 Qd7 17. Rfc1 Bd5 18. Bxd5 Qxd5 19. Qc4 (19. Rc7 Rab8 $14) 19... Qd7 20.
Qc7 Rfd8 21. Rc4 $11 {Urban-Petermann, Oberliga Nord 1995,1-0}) (14... a5 $11 {
Cloud Engines}) 15. Qa3 (15. Qxd7 Bxd7 16. Rfc1 Be6 17. b3 Rab8 18. Bb4 Rfe8
19. Rc7 Rec8 20. Rac1 b5 21. Bd6 a6 22. R1c5 $16 {Stockfish10}) 15... Re8 16.
Rac1 Bf8 17. Bb4 Bxb4 18. Qxb4 Rb8 (18... Qe7 19. Qxe7 Rxe7 20. a3 Bf5 $11) 19.
Rc2 Qe7 20. Qxe7 (20. Qa4 {keeping Qs on at this point maybe offrs a better
chance of gaining an advantage} a6 21. Rfc1 Bg4 (21... Bf5 22. Be4 (22. h4 Rec8
23. Qb3 Rxc2 24. Rxc2 Qd6 25. Bd5 Qd7 26. Rc6 Rd8 27. Rc5 b5 28. Bf3 Kg7 29. a3
h5 30. Qc2 Rc8 31. b4 $16) 22... Bxe4 23. dxe4 Qe6 24. Qc4 Qd7 25. Kg2 Red8 26.
h3 $14) 22. h3 Bd7 23. Qa5 Qd8 24. Rc7 $16 {Stockfish10}) 20... Rxe7 21. Rfc1
Be6 22. a3 (22. a4 $5) 22... Kf8 (22... b6 $11) 23. Rc5 Bd7 (23... Bf5) 24. Bd5
Be6 (24... b6 $11) (24... Bh3 $11) 25. Bf3 (25. Bxe6 Rxe6 26. b4 Rd8 27. a4 Rd7
28. g4 Kg7 29. Kg2 $16 {Stockfish10}) 25... Bd7 (25... Bh3) 26. Kg2 Ke8 (26...
f5 $11) 27. h4 (27. g4 $5) 27... h5 28. Rc7 Bc6 29. Bxc6+ bxc6 30. Rxe7+ (30.
R7xc6 Rxb2 31. Rc8+ Kd7 32. Kf3 f6 $11 {Stockfish10}) 30... Kxe7 31. Rxc6 (31.
b4 Kd6 32. f4 f6 $11) 31... Rxb2 32. Kf3 Rb7 (32... a5 33. Rc5 e4+ 34. Kxe4 (
34. dxe4 Rb3+ 35. Kg2 Rxa3 $11) 34... Rxe2+ 35. Kxd4 Rxf2 36. Rxa5 Rg2 37. Rg5
Ra2 38. Ra5 Rg2 $11 {Stockfish10}) 33. Ra6 $16 Rd7 34. Ke4 f6 35. f4 (35. a4
Rb7 36. a5 Rd7 37. Rc6 Kf7 {Stockfish10 insists Wh is winning & eventually
finds a way through} 38. a6 Ke7 39. f4 exf4 40. gxf4 Kf7 41. Rc4 Ke6 (41...
Re7+ 42. Kxd4 g5 43. fxg5 fxg5 44. Rc5 gxh4 45. Rxh5 Rxe2 46. Rxh4 Kg6 47. Re4
Ra2 48. Re6+ Kf5 49. Rc6 $18 {an evaluation confirmed by Lomonosov tablebases})
42. Rxd4 f5+ 43. Ke3 Rc7 44. Rc4 Re7 45. Kf3 $18) 35... exf4 36. gxf4 Kf7 37.
Ra5 Re7+ 38. Kf3 Rd7 39. Ra6 Kg7 40. f5 (40. a4 Re7 41. Kf2 Rd7 42. a5 Kf7 43.
Rc6 Kg7 44. a6 Kf7 45. Kf3 Kg7 46. e4 dxe3 47. Kxe3 Re7+ 48. Kf3 Rd7 49. Ke4
Re7+ 50. Kd5 Rd7+ 51. Ke6 Rxd3 52. Rc7+ Kh6 53. Rxa7 Rd4 54. Ra8 Ra4 $11 {
Stockfish10 nudged}) 40... gxf5 {(draw?)} 1/2-1/2

[Event "WCPL 2018-9"]
[Site "?"]
[Date "2019.01.27"]
[Round "3.16"]
[White "Llewellyn, David"]
[Black "Van Kemenade, Rudy"]
[Result "1/2-1/2"]
[WhiteElo "1860"]
[BlackElo "1946"]
[PlyCount "106"]
[EventDate "2018.??.??"]
[EventRounds "5"]
[EventCountry "WLS"]
[WhiteTeam "Abergavenny"]
[BlackTeam "Cardigan"]

1. d4 Nf6 2. c4 e5 3. dxe5 Ng4 4. e3 Nxe5 5. f4 {an approach championed by
Salgado Lopez} (5. Nh3 d6 6. Nf4 g6 7. Be2 Bg7 8. Nc3 Nbd7 9. Qc2 a5 10. O-O
O-O 11. b3 Nc5 12. Bb2 b6 13. Rad1 Bb7 {Llewellyn-Van Kemenade,WCPL 2009,0-1})
5... Nec6 (5... Ng6 {main eg} 6. a3 a5 7. h4 Bc5 8. h5 Ne7 9. Bd3 d6 10. Nc3
Nbc6 11. Bd2 Qd7 12. Nb5 h6 13. Qe2 Bb6 14. O-O-O {Harley Yeo-Konnen, S Wales
International 2018,1-0}) (5... Bb4+ 6. Bd2 (6. Kf2 Qf6 7. Nf3 Ng4+ 8. Kg3 h5 9.
Ng5 d6 10. h3 h4+ 11. Kf3 Nh6 12. a3 Bc5 13. Nc3 {Abdel Razik-Ntamatungiro,
Africa zt Cairo 2014,1-0}) 6... Bxd2+ 7. Qxd2 Nec6 8. Nf3 O-O 9. Bd3 a5 10. Nc3
Na6 11. Rd1 d6 12. O-O Nc5 13. Bb1 {Snape-Song, Hastings Masters 2018,1-0}) 6.
Nf3 Bc5 (6... g6 7. Bd2 Bg7 8. Bc3 O-O 9. Bxg7 Kxg7 10. Nc3 d6 11. Qd2 (11. Be2
Bg4 12. O-O Nd7 13. Qd2 Nf6 14. h3 Bxf3 15. Bxf3 Kg8 16. Nd5 {Del Rio de
Angelis-Huerga Leache, Paz de Ziganda op, Villava Rapid 2017, 1/2-1/2}) 11...
Nd7 12. Bd3 Nc5 13. Bc2 Be6 {De La Villa Garcia-Schuh, Pardubice 2011,1-0}) (
6... Bb4+ 7. Kf2 Be7 8. Nc3 d6 9. Bd3 Nd7 10. a3 a5 11. Rb1 Nf6 12. Re1 O-O {
Battaglini-Tomaino, US Open Orlando 2011,1-0}) 7. Nc3 O-O (7... d6) 8. Bd3 Re8
$2 {incautious} (8... h6 9. O-O Re8 10. Qe2 (10. Ne4 Bf8 11. Kh1 Nb4 12. Bb1 d5
13. cxd5 Qxd5 14. Nc3 Qxd1 15. Rxd1 Bg4 {Cruz-Souza, Curitiba Parana ch 2016,
1-0}) 10... a6 11. Kh1 {Da vSilva-Lima,Recife Arraes Memorial, 2015,1-0}) (8...
d6 {Cloud Engines; when} 9. a3 a5 10. Bd2 h6 11. Qe2 Re8 12. O-O-O {is given
by Salgado Lopez 2018:40}) 9. Kf2 (9. Bxh7+ $18 {Wh looked at this for quite
some time, but couldn't work out all the consequences} Kf8 (9... Kxh7 10. Ng5+
Kg6 11. h4 $1 (11. Qg4 f5 12. Qg3 $18) 11... Rf8 12. f5+ Kh6 13. e4 Qf6 14. Nd5
Qd4 15. Nxf7+ Kh7 16. Qh5+ Kg8 17. Ng5 $18)) 9... h6 (9... d6) 10. a3 a5 11.
Bc2 (11. g4 {Stockfish10, seen by Bl} d5 12. cxd5 Ne7 13. h3 c6 (13... Nxd5 $2
14. Nxd5 Qxd5 15. Bh7+) 14. dxc6 Nbxc6 15. Qc2 Qc7 (15... Ba7 16. Rd1 Qb6 17.
Bc4 $16 {Stockfish10, but the position remains quite complex})) 11... d6 12.
Qd3 g6 (12... f5 13. g4 {is dangerous}) 13. Nd5 (13. h4 $5 {Stockfish10}) 13...
Bf5 $5 (13... Be6 14. Qc3 Bxd5 15. cxd5 Ne7 {and Bl was worried about Wh being
able tocreate a pawn roller with e4-e5, though} 16. Rd1 c6 $11 {Stockfish10}) (
13... Nd7 {looked passive. though} 14. g4 Ne7 15. Nc3 Nf6 16. h3 d5 $11 (16...
b6 $11 {Stockfish10})) 14. Qc3 Bxc2 {Bl gives up the exchange, hoping for
piece activity,with the Wh K in the centre & the backward e pawn against Rs
that are notoriously bad defenders( & in the rest of the game the Rs scarcely
get off the back rank; one R exchanges on e3, the other gets as far as the 2nd
rank)} (14... Nb4 $1 {is the Stockfish10 solution} 15. axb4 (15. Nf6+ Qxf6 16.
Qxf6 Nxc2 17. g4 Bxg4 $15 (17... Nxe3 18. Bxe3 Rxe3 19. Kg3 Nd7 20. Qh4 Bd3 $15
)) (15. Bxf5 Nxd5 16. cxd5 gxf5 17. Qd3 Re4 $15) 15... axb4 16. Qf6 Rxa1 17.
Bxf5 Rxc1 (17... gxf5 18. Qxh6 Re6 19. Qh5 Qf8 20. Ng5 Rh6 21. Ne7+ Qxe7 22.
Qxh6 $18) 18. Qxd8 (18. Rxc1 Bxe3+ 19. Kf1 Bxc1 $19) 18... Rxd8 19. Rxc1 c6 20.
Nf6+ Kg7 21. Ne4 gxf5 22. Ng3 Kf6 23. Nh4 Nd7 $11 {Stockfish10}) 15. Nf6+ Kf8
16. Nxe8 Qxe8 (16... Bf5 {pm analysis} 17. Nf6 Bb4 $1 {Stockfish10} 18. Nh7+
Kg8 19. Qf6 (19. Nf6+ Kf8 20. Nh7+ {repetition}) 19... Nd7 20. Qxd8+ Rxd8 21.
axb4 axb4 22. Nhg5 hxg5 23. Nxg5 Nc5 $11 {Stockfish10- it seems difficult for
Wh to get his pices to more active squares}) (16... Be4 {bl's original thought
is not that succesful} 17. Nf6 Bxf3 (17... Bd4 18. Nh7+ Kg7 19. exd4 Kxh7 20.
d5 $18) 18. Kxf3 Bb4 19. Qb3 Qxf6 20. axb4 Nxb4 21. Bd2 N8c6 22. Qc3 $16) 17.
Qxc2 Nd7 18. Qc3 (18. Re1 a4 19. Kf1 Qe6 20. Bd2 Nb6 21. Rac1 Re8 {slowly
untangles the Wh pieces, when Stockfish10 gives} 22. e4 $16) 18... f6 19. Re1 (
19. Qd3 {David, pm analysis} Bb6 20. Re1 Nc5 21. Qc2 f5 22. Re2 Qe4 23. Qxe4
Nxe4+ 24. Kf1 a4 $16 {Stockfish10, but it will be difficult to get rid of Bl's
control over e4} 25. Bd2 Nb8 26. g3 Nd7 27. Kg2 Ndf6 28. Bb4 Re8) 19... Qe4 20.
Kf1 Re8 (20... a4 $5) 21. Bd2 (21. b3 $5) 21... g5 {2nd choice Stockfish10} (
21... a4) 22. Rac1 Ne7 (22... a4 23. Qc2 Nb6) 23. Qc2 (23. Qxa5 Nf5 24. Qc3 $18
) (23. b4 $18) 23... Nf5 (23... Qxc2 24. Rxc2 a4) 24. Qxe4 (24. Ne5 $1 {
Stockfish10} Qxc2 25. Nxd7+ Ke7 26. Rxc2 Kxd7 27. Rc3 a4 28. e4 {
Stockfish10-lifts the siege & Bl's attacking force is diminished}) 24... Rxe4
25. g4 {gives Bl chances} (25. Rc3 {pm analysis, threatens g4 throwing the N
back} g4 26. Nd4 (26. Ng1 a4 27. h3 h5 $11 {Whs C pawn is vulnerable}) 26...
Bxd4 27. exd4 Rxd4 28. Bc1 Nc5 $11 {the Ns contain the Rs & bad B} (28... a4))
(25. fxg5 hxg5 26. h3 a4 (26... g4 27. hxg4 Rxg4 28. b4 axb4 29. axb4 Bb6 $16 {
but far from clear}) 27. g4 Nxe3+ 28. Bxe3 Rxe3 29. Rxe3 Bxe3 30. Re1 Bf4 31.
Rb1 Nc5 32. Ke2 $16 {Stockfish10}) 25... Nxe3+ 26. Bxe3 Rxe3 27. Kg2 gxf4 (
27... Rb3 {considered} 28. Rc2 gxf4 29. Re4 Be3 30. Nd4 Bxd4 31. Rxd4 f3+ 32.
Kg3 Ne5 33. c5 dxc5 34. Rxc5 c6 35. Rxa5 Rxb2 36. Rb4 Rg2+ 37. Kh3 Ke7 38.
Rxb7+ Ke6 39. Rb4 h5 40. gxh5 Rg5 41. h6 f2 42. Rf4 Ng6 43. Raa4 Nxf4+ 44. Rxf4
Rh5+ 45. Kg3 Rxh6 46. h4 Ke5 47. Rxf2 Rh7 48. a4 $11 {Stockfish10}) 28. Rxe3
Bxe3 $11 29. Rd1 (29. Rc3 Ne5 30. h3 $11) 29... Ne5 30. Nxe5 fxe5 $15 31. Kf3
Ke7 (31... a4 32. Rd3 Ke7 33. b3 axb3 34. Rxb3 b6 35. a4 Ke6 $17 {pm analysis})
32. b4 axb4 33. axb4 Ke6 (33... c6 34. b5 cxb5 35. cxb5 Ke6 36. Ke4 Bd4 37. Kf3
Bc5 (37... d5 38. Rxd4 exd4 39. Kxf4 $11) 38. Ke4 Bd4 39. Kf3 {Stockfish10-
but the Engine just goes around in circles & leaving a b7 pawn on is an
invitation to the R}) 34. b5 c6 35. bxc6 bxc6 36. Ke4 $11 {Stockfish10, but
surely Bl retains all trhe practical chances} Bd4 37. Kf3 (37. Rxd4 exd4 38.
Kxd4 (38. Kxf4 c5 $19) 38... d5 39. cxd5+ cxd5 40. h4 Kf6 $19 {Wh runs out of
moves}) 37... d5 38. Rc1 (38. cxd5+ Kxd5 {is the game continuation} (38... cxd5
39. Rxd4 exd4 40. Kxf4 Kf6 41. h4 Ke6 42. g5 hxg5+ 43. hxg5 Kf7 44. Kf3 Kg6 45.
Ke2 Kxg5 46. Kd3 Kf5 47. Kxd4 Ke6 48. Kd3 $11)) 38... Be3 (38... Kd6 {
Stockfish10 second choice , leads to the same} 39. cxd5 cxd5 40. Rc8 {free at
last} Be3 41. Ke2 (41. Rh8 e4+ 42. Ke2 d4 $19 {to be analysed later})) 39.
cxd5+ Kxd5 $11 (39... cxd5 $1 {Stockfish10 & pm analysis looks like a Bl win,
though difficult to calculate & looks like giving the R a free hand} 40. Rc6+
Kd7 {Stockfish10 most exact} (40... Kf7 {pm analysis}) 41. Rxh6 e4+ 42. Ke2 d4
43. Ke1 f3 44. Rf6 (44. Rh7+ Kd6) 44... d3 45. h4 Bc5 46. Rf5 Bb4+ 47. Kf2 d2
48. Rd5+ Ke6 49. Rd8 Bc5+ 50. Kf1 e3 {Bl pawns travel faster}) 40. Rd1+ Bd4 41.
h4 c5 42. g5 hxg5 43. hxg5 Ke6 (43... c4 44. Rc1 c3 45. Rc2 Kc4 (45... Ke6 {
transposes to text}) 46. Ke4 Kb3 47. Rc1 (47. Kd3 {pm analysis} e4+ 48. Kxd4
Kxc2 49. g6 e3 50. g7 e2 (50... Kd2 51. g8=Q c2 (51... e2) 52. Ke4 c1=Q (52...
e2 53. Qd5+ Kc1 54. Qa5 Kd1 55. Qd5+ $11 {Nalimov}) 53. Qd5+ Ke2 54. Kxf4 {and
this draws wherever the Bl Q or K go}) 51. g8=Q e1=Q 52. Qa2+ {missed in pm
analysis- Stockfish10 & Nalimov tablebases} Kd1 53. Qb1+ Ke2 54. Qe4+ Kf1 55.
Qxf4+ Qf2+ 56. Qxf2+ Kxf2 57. Kxc3 $11) 47... Kb2 48. Rf1 Bc5 (48... c2 49. g6
$18) 49. Kxe5 c2 50. g6 Bf8 51. Kxf4 Bh6+ 52. Kf3 c1=Q 53. Rxc1 Kxc1 $11 {
Stockfish10}) 44. Ke4 c4 (44... Kf7 45. Kf5 f3 46. g6+ Kf8 47. Rb1 f2 48. Rb8+
Kg7 49. Rb7+ Kg8 (49... Kf8 50. g7+ Kg8 51. Kg6 f1=Q 52. Rb8+ Qf8 53. gxf8=Q#)
50. Rb8+ $11) 45. Rc1 (45. Rb1 c3 (45... f3 46. Kxf3 Kf5 47. g6 c3 48. Ke2 Kxg6
49. Kd3 Kf5 50. Rf1+ $11) 46. Rb7 Kd6 (46... c2 47. Rc7 f3 48. Rxc2 f2 49. Rc6+
Kf7 50. Rf6+ Kg7 51. Kd3 f1=Q+ 52. Rxf1 Kg6 53. Ke4 Kxg5 $11) 47. Rb4 Ke6 48.
Rc4 f3 49. Kxf3 Kf5 50. Rc6 Kxg5 51. Ke4 $11 {Stockfish10}) 45... c3 46. Rc2 {
the R leaves the back rank} (46. Ra1 f3 47. Kxf3 Kf5 $11) 46... Kf7 47. Kf3 Kg7
48. Kg4 Kg6 49. Rc1 (49. Rh2) 49... f3 50. Kxf3 Kxg5 51. Ke4 Kg4 52. Rc2 Kg3
53. Ra2 Kg4 {(draw?)} 1/2-1/2